[Event "TCh-BEL 2002-3"]
[Site "Belgium BEL"]
[Date "2002.11.24"]
[Round "3"]
[White "Van Heirzeele,D"]
[Black "Laurent,B"]
[Result "1/2-1/2"]
[WhiteElo "2231"]
[BlackElo "2257"]

1.d4 Nf6 2.c4 g6 3.Nc3 Bg7 4.e4 d6 5.Be2 O-O 6.Nf3 e5 7.O-O Na6 8.Re1 Bg4
9.d5 Nc5 10.h3 Bd7 11.Bf1 a5 12.Bg5 h6 13.Bd2 Ne8 14.Nh2 f5 15.exf5 gxf5
16.Be3 Qh4 17.Nf3 Qh5 18.Bxc5 e4 19.Be2 exf3 20.Bxf3 Qh4  1/2-1/2

[Event "ch-ISR"]
[Site "Tel Aviv ISR"]
[Date "2002.11.24"]
[Round "1"]
[White "Greenfeld,A"]
[Black "Bitansky,I"]
[Result "1/2-1/2"]
[WhiteElo "2553"]
[BlackElo "2370"]

1.d4 Nf6 2.Nf3 g6 3.c4 Bg7 4.Nc3 O-O 5.e4 d6 6.Be2 e5 7.Be3 Ng4 8.Bg5 f6
9.Bc1 exd4 10.Nxd4 f5 11.Bxg4 fxg4 12.Be3 Nc6 13.Nxc6 bxc6 14.Bd4 Bh6 15.O-O Be6
16.c5 Rb8 17.Qc2 Qe7 18.Rfe1 Qf7 19.Rad1 Rb4 20.b3 a5 21.cxd6 cxd6 22.Na4 c5
23.Ba1 c4 24.Rxd6 cxb3 25.Qb2 Bg7 26.Qxg7+ Qxg7 27.Bxg7 Kxg7 28.Nc5  1/2-1/2

[Event "ch-ROM w"]
[Site "Curtea de Arges ROM"]
[Date "2002.11.25"]
[Round "1.1"]
[White "Olarasu,G"]
[Black "Munteanu,De"]
[Result "1-0"]
[WhiteElo "2307"]
[BlackElo "2048"]

1.d4 Nf6 2.c4 g6 3.Nc3 Bg7 4.e4 d6 5.Nf3 O-O 6.Be2 e5 7.d5 a5 8.Bg5 h6 9.Bh4 Na6
10.Nd2 Qe8 11.O-O Nh7 12.a3 Bd7 13.b3 h5 14.f3 Bh6 15.Kh1 Bg5 16.Bxg5 Nxg5
17.Qe1 Kg7 18.Rb1 Qe7 19.b4 axb4 20.axb4 f6 21.Qc1 Nf7 22.Qb2 Ra7 23.Ra1 Rfa8
24.Ra3 c5 25.dxc6 bxc6 26.Rfa1 Be6 27.Qa2 Qe8 28.b5 Nb4 29.Qb2 Rxa3 30.Rxa3 Rxa3
31.Qxa3 Nc2 32.Qa7 Qd7 33.b6 Nd8 34.c5 Nb7 35.Ba6 Nxc5 36.Bc8  1-0

[Event "ch-ROM"]
[Site "Curtea de Arges ROM"]
[Date "2002.11.25"]
[Round "2.1"]
[White "Nevednichy,V"]
[Black "Ungureanu,V"]
[Result "1-0"]
[WhiteElo "2555"]
[BlackElo "2361"]

1.c4 Nf6 2.Nc3 g6 3.e4 d6 4.d4 Bg7 5.Be2 O-O 6.Nf3 Nbd7 7.O-O e5 8.Be3 c6
9.d5 Qe7 10.Nd2 a5 11.a3 Ne8 12.b4 c5 13.bxc5 dxc5 14.Na4 b6 15.Rb1 Rb8 16.Rb3 f5
17.f3 f4 18.Bf2 g5 19.Qc2 Rf6 20.Rfb1 Bf8 21.R1b2 Qg7 22.Nb1 Nc7 23.Nbc3 Ba6
24.Qb1 Qh6 25.d6 Rxd6 26.Nxc5 Nxc5 27.Bxc5 Rc6 28.Bf2 Bxc4 29.Bxc4+ Rxc4
30.Rxb6 Rxb6 31.Rxb6 Rc6 32.Qb3+ Qe6 33.Qxe6+ Rxe6 34.a4 h5 35.Kf1 Be7 36.Nd5 Rxb6
37.Nxe7+  1-0

[Event "ch-ROM"]
[Site "Curtea de Arges ROM"]
[Date "2002.11.29"]
[Round "4.1"]
[White "Nevednichy,V"]
[Black "Vajda,L"]
[Result "0-1"]
[WhiteElo "2555"]
[BlackElo "2576"]

1.e4 g6 2.d4 Bg7 3.c4 d6 4.Nc3 Nf6 5.Nf3 O-O 6.Be2 e5 7.d5 a5 8.Bg5 Qe8 9.Nd2 Na6
10.Rb1 Bd7 11.O-O h5 12.b3 Nh7 13.Be3 Bf6 14.f3 Bg5 15.Bf2 Qe7 16.a3 Nc5
17.Qc2 h4 18.b4 axb4 19.axb4 Na4 20.Nd1 b6 21.Nb3 Rab8 22.Ra1 Bf4 23.Nc1 Qg5
24.Kh1 Nf6 25.Nd3 Nh5 26.Nxf4 exf4 27.h3 Ng3+ 28.Kh2 Qe5 29.Ra3 f5 30.Re1 fxe4
31.Rxa4 Bxa4 32.Qxa4 Ra8 33.Qc2 Ra3 34.c5 bxc5 35.bxc5 Kg7 36.cxd6 cxd6 37.Qb2 Qxb2
38.Nxb2 e3 39.Bxg3 hxg3+ 40.Kg1 Ra5 41.Kf1 Rxd5 42.Ra1 g5 43.Nc4 Rb8 44.Ke1 Kf6
45.Bf1 Rd4 46.Be2 Ke6 47.Rc1 Rc8 48.Rc2 Rc5 49.Bf1 Rb5 50.Rc1 Rb4 51.Na5 Rd2
52.Nc4 Rf2 53.Na5 Rbb2 54.Nc6 Rbd2 55.Rc4 d5 56.Nd4+ Ke5 57.Nc6+ Kd6  0-1

[Event "ch-ROM w"]
[Site "Curtea de Arges ROM"]
[Date "2002.11.30"]
[Round "3.2"]
[White "Olarasu,G"]
[Black "Motoc,A"]
[Result "1-0"]
[WhiteElo "2307"]
[BlackElo "2272"]

1.d4 Nf6 2.Nf3 g6 3.c4 Bg7 4.Nc3 d6 5.e4 O-O 6.Be2 e5 7.d5 a5 8.Bg5 h6 9.Bh4 Na6
10.Nd2 Qe8 11.O-O Nh7 12.a3 Bd7 13.b3 h5 14.f3 Bh6 15.Kh1 Be3 16.Qc2 f5 17.exf5 gxf5
18.Bf2 Bxf2 19.Rxf2 Nf6 20.Rg1 Kh8 21.Qb2 h4 22.b4 axb4 23.axb4 Nh5 24.Re1 Nf4
25.Bf1 Qf7 26.c5 Nxd5 27.Nxd5 Qxd5 28.cxd6 cxd6 29.Nc4 Qd4 30.Qxd4 exd4 31.Nb6 Rae8
32.Rd1 Bc8 33.Bb5 Re5 34.Bd7 Bxd7 35.Nxd7 Rc8 36.Nxe5 dxe5 37.Re2 Nxb4 38.Rxe5 d3
39.Kg1 Rd8 40.Rb5 Rd4 41.Rxb7 Nc2 42.Rb3 Nb4 43.Kf2 f4 44.Ke1 Kg7 45.Kd2 Rc4
46.Rc1 Rd4 47.Rcb1 Nc6 48.Rxd3 Ra4 49.Rb7+ Kf8 50.Rc3 Ne7 51.Rcc7 Ra2+ 52.Kd3 Ra3+
53.Kd4 Ra4+ 54.Kd3 Ra3+ 55.Kc4 Re3 56.Rxe7 Rxe7 57.Rxe7 Kxe7 58.Kd5 Kf6 59.Ke4 h3
60.gxh3 Kg5 61.h4+  1-0

[Event "ch-ITA"]
[Site "Montecatini Terme ITA"]
[Date "2002.11.30"]
[Round "11"]
[White "Vezzosi,P"]
[Black "Di Paolo,R"]
[Result "1/2-1/2"]
[WhiteElo "2394"]
[BlackElo "2340"]

1.d4 Nf6 2.c4 g6 3.Nc3 Bg7 4.e4 d6 5.Be2 O-O 6.Nf3 e5 7.Be3 Na6 8.O-O c6
9.d5 Ng4 10.Bg5 f6 11.Bh4 Nh6 12.Nd2 Qd7 13.Rb1 c5 14.a3 f5 15.f3 Bf6 16.Bf2 f4
17.b4 b6 18.bxc5 Nxc5 19.Nb3 g5 20.Nxc5 bxc5 21.Qa4 Qxa4 22.Nxa4 Bd7 23.Nc3 Rfb8
24.Nb5 Bxb5 25.cxb5 Bd8 26.Rfc1 Ba5 27.g3 Nf7 28.Bf1 h5 29.Be2 Kf8 30.Kg2 Ke7
31.Rc4 a6 32.Ra4 axb5 33.Rxb5 Bd2 34.Rxb8 Rxb8 35.Ra7+ Kf6 36.a4 Rb2 37.Kf1 g4
38.fxg4 hxg4 39.Bxg4 c4 40.Bh5 Nd8 41.gxf4 Bxf4 42.Rc7 Rb1+ 43.Kg2 Kg5 44.Be8 Rb2
45.h4+ Kf6 46.Kf3 Rb3+ 47.Kg4 Rb2 48.Be1 Re2 49.Bb4 Rxe4 50.Bxd6 Bg5+ 51.Kh3 Rxh4+
52.Kg3 Kf5 53.a5 Rg4+ 54.Kf2 Rf4+ 55.Ke2 Re4+ 56.Kf2 Rf4+ 57.Kg2 Rg4+  1/2-1/2

[Event "ch-CRO"]
[Site "Zagreb CRO"]
[Date "2002.11.30"]
[Round "7"]
[White "Bender,I"]
[Black "Armanda,I"]
[Result "0-1"]
[WhiteElo "2252"]
[BlackElo "2316"]

1.d4 Nf6 2.c4 g6 3.Nc3 Bg7 4.e4 d6 5.Nf3 O-O 6.Be2 e5 7.O-O exd4 8.Nxd4 Re8
9.f3 Nc6 10.Nc2 a6 11.Bg5 h6 12.Bh4 g5 13.Bf2 Ne5 14.Nd5 Nxd5 15.cxd5 Ng6
16.Bd4 Be5 17.Bxe5 Nxe5 18.Nd4 c5 19.dxc6 bxc6 20.Kh1 Qb6 21.b3 a5 22.f4 gxf4
23.Bh5 c5 24.Nc2 a4 25.Rb1 Qc6 26.Rxf4 Be6 27.Ne3 axb3 28.axb3 Ra2 29.Nd5 Bxd5
30.exd5 Qb7 31.Qe1 Kf8 32.Qe4 Rea8 33.Rbf1 Ra1 34.Bd1 Kg7 35.Rf6 Rxd1 36.Rxd1 Kxf6
37.Qh7 Qxb3 38.Rb1 Qd3 39.Qxh6+ Qg6 40.Qc1 Kg7 41.Rb3 Qf6  0-1

[Event "ch-CRO"]
[Site "Zagreb CRO"]
[Date "2002.11.30"]
[Round "8"]
[White "Bender,I"]
[Black "Bilic,M"]
[Result "1/2-1/2"]
[WhiteElo "2252"]
[BlackElo "2315"]

1.d4 Nf6 2.c4 g6 3.Nc3 Bg7 4.e4 d6 5.Nf3 O-O 6.Be2 Nbd7 7.O-O e5 8.dxe5 dxe5
9.h3 Re8 10.Be3 Bf8 11.Qc2 c6 12.Rfd1 Nh5 13.a3 Nf4 14.Bf1 Qf6 15.Nd2 Nc5
16.b4 Nce6 17.Nb3 g5 18.c5 h5 19.g3 Ng6 20.Na4 h4 21.Nb2 hxg3 22.fxg3 Nd4
23.Nxd4 exd4 24.Bxd4 Qf3 25.Bf2 Qxe4 26.Bd3 Qe6 27.Nc4 Qf6 28.Kh2 Be6 29.Rf1 g4
30.h4 Bd5 31.Be3 Bf3 32.Bg5 Qd4 33.h5 Qh8 34.Bxg6 fxg6 35.Qxg6+ Qg7 36.Qxg7+ Bxg7
37.Rae1 Be2 38.Nd6 Re5 39.Rf2 Rxg5 40.Rfxe2 Rxh5+ 41.Kg2 b6 42.Re8+ Rxe8
43.Rxe8+ Bf8 44.Ne4 Kf7 45.Ra8 bxc5 46.Rxa7+ Ke6 47.bxc5 Re5 48.Ra4 Kf5 49.Nd6+ Bxd6
50.cxd6 Rd5 51.Rf4+ Kg5 52.Rc4 Rxd6 53.Rc5+ Kf6 54.Kf2 Ke7 55.Ke3 Rf6 56.Kd4 Kd6
57.a4 Rf1 58.Rg5 Ra1 59.Rg6+ Kc7 60.Kc5 Rxa4 61.Rg7+ Kd8 62.Kxc6 Ke8 63.Kd5 Kf8
64.Rb7 Ra3 65.Ke5 Rxg3 66.Kf4 Rg1 67.Rb3  1/2-1/2

[Event "10th Ducale Open"]
[Site "Genova ITA"]
[Date "2002.12.01"]
[Round "9"]
[White "Lettich,S"]
[Black "Bartonicek,Z"]
[Result "0-1"]
[WhiteElo "2058"]
[BlackElo "2109"]

1.d4 Nf6 2.c4 g6 3.Nc3 Bg7 4.e4 d6 5.Nf3 O-O 6.Be2 Nbd7 7.O-O e5 8.d5 Nh5
9.Ne1 Nf4 10.Bf3 g5 11.Nd3 h6 12.Nxf4 exf4 13.Be2 Ne5 14.f3 f5 15.h3 Qf6
16.exf5 Bxf5 17.Ne4 Qg6 18.Nf2 h5 19.a4 Rae8 20.Ra3 Re7 21.b4 Rfe8 22.Nd3 Nd7
23.Ra2 Bd4+ 24.Kh2 Qf6 25.Nf2 Bb1 26.Bb2 Bxb2 27.Qxb1 Rxe2 28.Ne4 R8xe4 29.fxe4 f3  0-1

[Event "38th American Open"]
[Site "Los Angeles USA"]
[Date "2002.12.01"]
[Round "8"]
[White "Kretchetov,A"]
[Black "Kaufman,La"]
[Result "0-1"]
[WhiteElo "2323"]
[BlackElo "2415"]

1.Nf3 Nf6 2.c4 g6 3.Nc3 Bg7 4.e4 d6 5.d4 O-O 6.Be2 Na6 7.O-O e5 8.d5 Nc5
9.Qc2 a5 10.Bg5 h6 11.Be3 Qe7 12.Nd2 Ng4 13.Bxg4 Bxg4 14.a3 Na6 15.Rab1 Bd7
16.b4 axb4 17.axb4 b6 18.Rfc1 f5 19.f3 f4 20.Bf2 g5 21.h3 h5 22.Kf1 g4 23.hxg4 hxg4
24.Ke2 Kf7 25.Qb3 Rh8 26.Rh1 Qg5 27.Nb5 g3 28.Rxh8 Rxh8 29.Bg1 Rh2 30.Qa3 Rxg2+
31.Kd3 Bc8 32.Bxb6 Qh5 33.Bxc7 Rf2 34.Bb6 Rxf3+ 35.Nxf3 Qxf3+ 36.Kd2 Qg2+
37.Kc3 Bf8 38.Re1 f3 39.Rg1 Qe2 40.Qc1 f2 41.Qf1 Qf3+ 42.Kb2 fxg1=N 43.Qxg1 Nxb4
44.Bc7 Qf2+  0-1

[Event "33rd NCC"]
[Site "Philadelphia USA"]
[Date "2002.12.01"]
[Round "5"]
[White "Peng Zhaoqin"]
[Black "Fishbein,A"]
[Result "1-0"]
[WhiteElo "2443"]
[BlackElo "2489"]

1.d4 Nf6 2.Nf3 g6 3.c4 Bg7 4.Nc3 O-O 5.e4 d6 6.Be2 e5 7.O-O c6 8.d5 Na6 9.Be3 Ng4
10.Bg5 f6 11.Bh4 c5 12.Ne1 Nh6 13.Nd3 g5 14.Bg3 f5 15.exf5 Bxf5 16.f3 Bg6
17.Bf2 Nf5 18.Ne1 Bh6 19.Bd3 g4 20.Bxf5 Rxf5 21.fxg4 Rf4 22.Qe2 Qd7 23.h3 Raf8
24.Nd3 Bxd3 25.Qxd3 e4 26.Qe2 Qe7 27.Be3 Rxf1+ 28.Rxf1 Rxf1+ 29.Kxf1 Bg7
30.Bd2 Bxc3 31.Bxc3 Nb4 32.a3 Nd3 33.Qe3 b5 34.b3 b4 35.axb4 cxb4 36.Ba1 Qf7+
37.Ke2 Qf4 38.Qxf4 Nxf4+ 39.Ke3 Nd3 40.Bd4 a5 41.Bb6 a4 42.Kxe4 Nb2 43.c5 Kf7
44.c6 Ke8 45.bxa4  1-0

[Event "TCh-ESP"]
[Site "Mondariz ESP"]
[Date "2002.12.02"]
[Round "3"]
[White "Damljanovic,B"]
[Black "Pablo Marin,A"]
[Result "1-0"]
[WhiteElo "2550"]
[BlackElo "2434"]

1.Nf3 Nf6 2.c4 g6 3.Nc3 Bg7 4.e4 d6 5.d4 O-O 6.Be2 e5 7.Be3 Na6 8.O-O Ng4
9.Bg5 Qe8 10.h3 h6 11.Bc1 Nf6 12.Bd3 Nh5 13.Bc2 c6 14.Re1 Nc7 15.Be3 Ne6
16.d5 Nef4 17.Kh2 c5 18.Ng1 Nf6 19.g3 N4h5 20.Qc1 Kh7 21.Rb1 Qe7 22.Bd1 Nd7
23.a3 Nhf6 24.b4 Ne8 25.Ba4 f5 26.exf5 gxf5 27.Bxd7 Qxd7 28.f4 Nf6 29.bxc5 exf4
30.Bxf4 dxc5 31.Nb5 b6 32.Nc7 Bb7 33.Nxa8 Nxd5 34.Ne2 Nxf4 35.Nxf4 Bxa8 36.Qd1 Qc6
37.Re6 Qb7 38.Qh5 Qf7 39.Qxf7 Rxf7 40.Rd1 Bd4 41.Ne2 Bg7 42.Rd8 Bb7 43.Rde8 Ba6
44.R6e7 Rxe7 45.Rxe7 Bxc4 46.Nf4 Kg8 47.Rxa7 b5 48.Rc7 Bb2 49.Rxc5 Bxa3 50.Rxf5 b4
51.Rc5 Ba2 52.Ra5 b3 53.Nd3 Bc1 54.Rb5 Ba3 55.Kg2 Kf7 56.Kf3 Ke6 57.Ke2 Kd6
58.Ra5 Bc1 59.Kd1 Be3 60.Ra6+ Kc7 61.Ke2 Bc1 62.Ra4 Kd6 63.h4 h5 64.Ra5 Kd7
65.Ne5+ Ke6 66.Nc4 Kf7 67.Kd1 Be3 68.Rxh5 Bd4 69.Rb5  1-0

[Event "ch-ISR"]
[Site "Tel Aviv ISR"]
[Date "2002.12.02"]
[Round "8"]
[White "Zilberman,Y"]
[Black "Porat,S"]
[Result "1/2-1/2"]
[WhiteElo "2467"]
[BlackElo "2343"]

1.d4 Nf6 2.c4 g6 3.Nc3 Bg7 4.e4 d6 5.Be2 O-O 6.Nf3 e5 7.d5 a5 8.Bg5 h6 9.Bh4 Qe8
10.Nd2 Na6 11.a3 Bd7 12.b3 Nh7 13.Rb1 h5 14.f3 Bh6 15.Bf2 Qe7 16.h4 Nc5 17.Qc2 f5
18.b4 axb4 19.axb4 Na4 20.Nb5 c6 21.Nc7 Rac8 22.Ne6 Bxe6 23.dxe6 b5 24.O-O Qxe6
25.Rbd1 Nf6 26.Bd3 Nd7 27.Rfe1 d5 28.exd5 cxd5 29.c5 Rb8 30.Nb3 e4 31.Bf1 e3
32.Bg3 f4 33.Nd4 Qf6 34.Bh2 Ne5 35.Nxb5 Rxb5 36.Bxb5 Nc3 37.Bf1 Nxd1 38.Rxd1 d4
39.b5 Qxh4 40.Rxd4 Bg7 41.Re4 g5 42.c6 g4 43.Rxf4 Rxf4 44.Bxf4 g3 45.Bc4+ Kh8
46.Bxe5 Bxe5 47.Qe4 Qh2+ 48.Kf1 Qh1+ 49.Ke2 Qxg2+ 50.Kxe3 Qf2+ 51.Kd3 Qf1+
52.Kd2 Qh1 53.Qd5 Bf4+ 54.Kc2 Qc1+ 55.Kb3 Qe3+ 56.Ka4 Qa7+ 57.Kb3 Qe3+ 58.Ka2 Qa7+
59.Kb3 Qe3+ 60.Ka4 Qa7+ 61.Kb4 Qe7+ 62.Kb3 Qe3+ 63.Kc2 Qc1+ 64.Kb3 Qe3+ 65.Ka4 Qa7+
66.Kb3 Qe3+ 67.Ka2 Qf2+ 68.Kb3 Qe3+  1/2-1/2

[Event "TCh-ESP"]
[Site "Mondariz ESP"]
[Date "2002.12.03"]
[Round "4"]
[White "Gurevich,M"]
[Black "Hernandez,Gi"]
[Result "1/2-1/2"]
[WhiteElo "2634"]
[BlackElo "2546"]

1.d4 Nf6 2.c4 g6 3.Nc3 Bg7 4.e4 d6 5.Nf3 O-O 6.Be2 e5 7.O-O Na6 8.Be3 Ng4
9.Bg5 Qe8 10.dxe5 dxe5 11.h3 f6 12.Bd2 Nh6 13.Be3 c6 14.Qc2 Nf7 15.Rad1 Qe7
16.Rfe1 Bh6 17.Bxh6 Nxh6 18.a3 Nf7 19.b4 Nc7 20.c5 Be6 21.Na4 Rad8 22.Nb2 Rxd1
23.Rxd1 Rd8 24.Qa4 a6 25.Qc2 Kf8 26.Rd2 Nb5 27.a4 Nc7 28.Nd1 Bc8 29.Ne3 a5
30.Rxd8+ Nxd8 31.bxa5 Nce6 32.Ng4 Kg7 33.a6 bxa6 34.g3 Nxc5 35.Ne3 Nde6 36.Qc4 Qd6
37.Bf1 Nd4 38.Nd2 a5 39.Qc3 Nxa4 40.Qxa5 Nc5 41.Qa7+ Bd7 42.Ndc4 Nb5 43.Qb6 Qe7
44.h4 Be8 45.Qb8 Bf7 46.Na5 Nd4 47.Qb4 Qa7 48.Kg2 Na6 49.Qb2 Qb8 50.Qc1 Qb6
51.Nac4 Qc5 52.Qb2 Nb4 53.Qa3 Ndc2 54.Qc1 Qd4 55.Kg1 Bxc4 56.Bxc4 Nd3 57.Bxd3 Qxd3
58.Nf1 Qxe4 59.Qb1 f5 60.Qb7+ Kf6 61.Qxh7 Nd4 62.Qh8+ Ke7 63.Qg7+ Kd8 64.Qf8+ Kc7
65.Qe7+ Kc8 66.Qf8+ Kc7 67.Qe7+ Kb8 68.Qf8+  1/2-1/2

[Event "ch-GRE"]
[Site "Athens GRE"]
[Date "2002.12.04"]
[Round "7"]
[White "Simeonidis,I"]
[Black "Anagnostopoulos,D"]
[Result "0-1"]
[WhiteElo "2329"]
[BlackElo "2438"]

1.d4 Nf6 2.Nf3 g6 3.c4 Bg7 4.Nc3 O-O 5.e4 d6 6.Be2 e5 7.Be3 Ng4 8.Bg5 f6
9.Bc1 Nc6 10.d5 Ne7 11.h3 Nh6 12.h4 Nf7 13.h5 g5 14.Qb3 Kh8 15.g4 Bxg4 16.Nxg5 fxg5
17.Bxg4 Nh6 18.Be6 Neg8 19.Be3 g4 20.O-O-O Bf6 21.Qxb7 Rb8 22.Qxa7 Ra8 23.Qb7 Bg5
24.Kb1 Bxe3 25.fxe3 Rb8 26.Qc6 Rf2 27.b3 Rb6 28.Qd7 Qb8 29.Nb5 Nf6 30.Qc8+ Qxc8
31.Bxc8 Nxe4 32.Rc1 Rb8 33.Be6 g3 34.Rhg1 g2 35.Bh3 Nd2+ 36.Kc2 Nf3+ 37.Kc3 Nxg1
38.Rxg1 Rg8 39.a4 Nf5 40.a5 Nxe3 41.a6 Rg3 42.Kb4 Rxh3 43.a7 Rf8 44.Nxc7 Rh1
45.Rxg2 Nxg2 46.Kb5 Ra1 47.Kb6 e4 48.c5 e3  0-1

[Event "Baharov Mem"]
[Site "Borovec BUL"]
[Date "2002.12.04"]
[Round "6"]
[White "Dobrev,N"]
[Black "Besheva,S"]
[Result "0-1"]
[WhiteElo "2371"]
[BlackElo "2142"]

1.d4 Nf6 2.Nf3 g6 3.c4 Bg7 4.Nc3 O-O 5.e4 d6 6.Be2 Na6 7.O-O e5 8.d5 Nc5
9.Qc2 a5 10.Bg5 h6 11.Be3 Qe7 12.Nd2 h5 13.f3 h4 14.Bg5 h3 15.g4 Qe8 16.Kh1 Nh7
17.Be3 f5 18.Rg1 f4 19.Bf2 Bf6 20.b3 Qe7 21.Rgc1 Bh4 22.Bg1 Ng5 23.Rf1 Rf7
24.Rab1 Qf8 25.Qd1 Bd7 26.a3 Kh7 27.b4 axb4 28.axb4 Na4 29.Nxa4 Rxa4 30.Rb3 Ra2
31.Qc1 Qa8 32.c5 Qa4 33.Rb2 Rf8 34.Rxa2 Qxa2 35.Bc4 Qa4 36.Qc3 Ra8 37.Nb3 Qa2
38.Nd2 Qa3 39.Qc2 Qa4 40.Qb1 Bb5 41.cxd6 cxd6 42.Bf2 Bxf2 43.Bxb5 Qxb5 44.Rxf2 Ra4
45.Qe1 Rxb4 46.Rf1 Kg7 47.Qf2 Rb2 48.Qe1 Rxd2  0-1

[Event "TCh-ESP"]
[Site "Mondariz ESP"]
[Date "2002.12.04"]
[Round "5"]
[White "Hernando Rodrigo,Jo"]
[Black "Candela Perez,J"]
[Result "1-0"]
[WhiteElo "2371"]
[BlackElo "2427"]

1.d4 Nf6 2.c4 g6 3.Nc3 Bg7 4.e4 d6 5.Be2 O-O 6.Nf3 e5 7.d5 a5 8.Bg5 h6 9.Bh4 Na6
10.Nd2 Qe8 11.O-O Nh7 12.a3 Bd7 13.b3 f5 14.exf5 gxf5 15.Bh5 Qb8 16.Qc2 Qa7
17.Be7 Rfe8 18.Bh4 Rf8 19.Be7 Rfe8 20.Bh4 Qd4 21.Nf3 Qb6 22.Nd2 Rf8 23.Be7 Rfc8
24.Kh1 e4 25.Rad1 Qd4 26.Ne2 Qe5 27.Bh4 Nc5 28.Rb1 f4 29.Bg6 Nf8 30.Bxe4 Nxe4
31.Nxe4 Bf5 32.f3 Ng6 33.Bf2 Re8 34.Nd4 Bxe4 35.fxe4 Qxe4 36.Qd2 Bxd4 37.Bxd4 Qe2
38.Qc3 Qg4 39.Qf3 Qxf3 40.Rxf3 Re4 41.Bc3 a4 42.b4 Rxc4 43.g3 Kh7 44.Re1 Rf8
45.Re6 Rf5 46.gxf4 Rxd5 47.f5 Rd1+ 48.Be1 Ne5 49.Rf1 Kg8 50.f6 Nf7 51.Re8+ Kh7
52.Rg1 Ng5 53.Rf1 Kg6 54.f7 Nxf7 55.Re6+ Kg7 56.Re7 Kg6 57.Re6+ Kg7  1-0

[Event "ch-POL sf"]
[Site "Lubniewice POL"]
[Date "2002.12.05"]
[Round "6"]
[White "Szczechowicz,B"]
[Black "Skalski,M"]
[Result "1-0"]
[WhiteElo "2293"]
[BlackElo "2187"]

1.d4 Nf6 2.c4 g6 3.Nc3 Bg7 4.e4 d6 5.Be2 O-O 6.Nf3 Nbd7 7.O-O e5 8.Re1 c6
9.Bf1 Re8 10.d5 c5 11.a3 Nf8 12.b4 b6 13.Rb1 h6 14.Nd2 N6h7 15.Nb3 f5 16.bxc5 bxc5
17.Bd2 Ng5 18.f3 Bd7 19.Nb5 Qb8 20.Na5 a6 21.Nd4 Qc8 22.Ndc6 Nf7 23.Rb6 g5
24.Qb3 g4 25.fxg4 f4 26.h3 Nh7 27.Rb7 Bf6 28.Qb6 Bd8 29.Nxd8 Qxd8 30.Qxd8 Rexd8
31.Nc6 Bxc6 32.dxc6 Rdc8 33.c7 Nf6 34.Reb1 Nd7 35.Ba5 Ng5 36.Bd3 Ne6 37.Bc2 Kf7
38.Ba4 Ke7 39.Bxd7 Kxd7 40.Rb8 Nxc7 41.Bxc7 Raxb8 42.Bxb8 Kc6 43.a4 a5 44.Rb5 Rf8
45.Kf2  1-0

[Event "21st Greek Club Cup"]
[Site "Athens GRE"]
[Date "2002.12.08"]
[Round "2"]
[White "Halkias,S"]
[Black "Simeonidis,I"]
[Result "1-0"]
[WhiteElo "2528"]
[BlackElo "2329"]

1.d4 g6 2.c4 Bg7 3.e4 d6 4.Nc3 Nf6 5.Nf3 O-O 6.Be2 e5 7.Be3 c6 8.d5 Ng4 9.Bg5 f6
10.Bh4 c5 11.Nd2 h5 12.a3 Nh6 13.h3 Na6 14.Qc2 Bd7 15.Nb5 Qe7 16.O-O-O Rfc8
17.Kb1 Nc7 18.Qb3 Ne8 19.Nc3 Rcb8 20.Bg3 Nf7 21.f4 exf4 22.Bxf4 a6 23.Qb6 f5
24.Rhe1 Qd8 25.Qxd8 Rxd8 26.Kc2 b5 27.exf5 Bxf5+ 28.Bd3 Bxd3+ 29.Kxd3 Be5
30.g3 g5 31.Bxe5 Nxe5+ 32.Kc2 bxc4 33.Nce4 Rab8 34.Nxd6 Rxb2+ 35.Kxb2 Nd3+
36.Kc3 Nxe1 37.N6xc4 Ng2 38.Rg1 Nf6 39.Rxg2 Nxd5+ 40.Kc2 Re8 41.Rf2 Ne3+
42.Nxe3 Rxe3 43.Rf3 Re5 44.Nc4 Re4 45.Kd3 Rd4+ 46.Kc3 Kg7 47.Rf5 Kh6 48.Rxc5 Rd1
49.Ne5 Rg1 50.g4 Rg3+ 51.Kb4 Rxh3 52.Rc6+ Kh7 53.Rg6 hxg4 54.Rxg5 g3 55.a4 Kh6
56.Nf7+ Kh7 57.Rg4  1-0

[Event "TCh-ESP"]
[Site "Mondariz ESP"]
[Date "2002.12.08"]
[Round "9"]
[White "Vassallo,M"]
[Black "Moreno Carnero,J"]
[Result "1/2-1/2"]
[WhiteElo "2460"]
[BlackElo "2503"]

1.d4 d6 2.c4 e5 3.Nf3 Nd7 4.Nc3 Ngf6 5.e4 g6 6.Be2 Bg7 7.O-O O-O 8.d5 Nc5
9.Nd2 a5 10.Qc2 Bd7 11.b3  1/2-1/2

[Event "FSGM Dec"]
[Site "Budapest HUN"]
[Date "2002.12.09"]
[Round "3"]
[White "Horvath,P1"]
[Black "Valdes,Le"]
[Result "1-0"]
[WhiteElo "2482"]
[BlackElo "2426"]

1.d4 Nf6 2.c4 g6 3.Nc3 Bg7 4.e4 d6 5.Nf3 O-O 6.Be2 e5 7.d5 a5 8.Bg5 h6 9.Bh4 Na6
10.Nd2 Qe8 11.O-O Nh7 12.a3 Bd7 13.b3 h5 14.f3 Bh6 15.Bf2 Qe7 16.Kh1 b6 17.Nb5 Bxb5
18.cxb5 Nc5 19.Nc4 Bg5 20.Qc2 h4 21.b4 Nb7 22.Ne3 Nf6 23.Rfc1 Rfc8 24.Qd1 Nh5
25.Rc3 Bf4 26.Nf1 Kg7 27.Qe1 Bg5 28.Ne3 Ra7 29.Nc2 Rh8 30.Kg1 a4 31.Ne3 Nd8
32.Rac1 Nf6 33.R1c2 Ne8 34.Bd3 Qd7 35.Nd1 f6 36.Nb2 Nf7 37.Qd1 Bf4 38.Bf1 Rh7
39.Rc6 Ng5 40.Nd3 Nf7 41.R2c3 Bg5 42.Nb2 f5 43.exf5 gxf5 44.Qc2 Rh6 45.Bd3 Rf6
46.Nxa4 e4 47.fxe4 fxe4 48.Bxe4 Ne5 49.Bd4 Nxc6 50.bxc6 Qc8 51.Nb2 Qg4 52.h3 Qf4
53.Rf3 Qc1+ 54.Qxc1 Bxc1 55.Nc4 Kf7 56.Bxf6 Nxf6 57.Bf5 Nxd5 58.Be4+ Nf6
59.Bc2 d5 60.Ne5+ Ke6 61.Nd7 Ne4 62.a4 Bb2 63.Rf4 Bd4+ 64.Kh2 Bf2 65.Rf8 Bg3+
66.Kg1 Bd6 67.Re8+ Kf7 68.Rh8 Nc3 69.Rxh4 Nxa4 70.Bf5 Nc3 71.Rh7+ Kg8 72.Nf6+ Kf8
73.Be6 Ra1+ 74.Kf2 Ne4+ 75.Nxe4 dxe4 76.Bd5 Rb1 77.Bxe4 Rxb4 78.Kf3 Rd4 79.h4 b5
80.h5 b4 81.h6 Be5 82.Rd7 Rd6 83.Rxd6 Bxd6 84.Bd5 Ke7 85.Kg4 Kf6 86.Kh5 Bf4
87.g4 Ke7 88.g5 Be5 89.g6 Kf8 90.Kg5 Bc3 91.Kf5  1-0

[Event "19th WJun Girls"]
[Site "Goa IND"]
[Date "2002.12.09"]
[Round "1"]
[White "Zhao Xue"]
[Black "Vinuthna,N"]
[Result "1-0"]
[WhiteElo "2367"]
[BlackElo "2089"]

1.d4 Nf6 2.c4 g6 3.Nc3 Bg7 4.e4 d6 5.Nf3 O-O 6.Be2 Nbd7 7.O-O e5 8.Re1 c6
9.Bf1 exd4 10.Nxd4 Ng4 11.Qxg4 Bxd4 12.Be3 Nc5 13.Qf3 Be5 14.h3 Kg7 15.Rad1 Qe7
16.Qe2 Re8 17.Qd2 Kg8 18.Bh6 Ne6 19.f4 Bd4+ 20.Kh1 Bg7 21.Bxg7 Kxg7 22.g3 h5
23.Bg2 a5 24.f5 Nc5 25.Rf1 Qe5 26.Qf2 g5 27.Qd4 f6 28.Qxd6 Bd7 29.Na4 Nxa4
30.Qxe5 Rxe5 31.Rxd7+ Kg8 32.Rxb7 Rd8 33.Rf2 Rd4 34.Rc7 c5 35.Bf3 Rxc4 36.b3 Rc1+
37.Kg2 Nb6 38.Bxh5 Rd1 39.Bxd1  1-0

[Event "Friendship A"]
[Site "Roznov CZE"]
[Date "2002.12.09"]
[Round "5"]
[White "Belunek,V"]
[Black "Dydyshko,V"]
[Result "1-0"]
[WhiteElo "2416"]
[BlackElo "2539"]

1.d4 Nf6 2.Nf3 g6 3.c4 Bg7 4.Nc3 O-O 5.e4 d6 6.Be2 e5 7.O-O Na6 8.Be3 Ng4
9.Bg5 Qe8 10.h3 f6 11.Bc1 Nh6 12.Be3 Nf7 13.Rb1 c5 14.dxe5 dxe5 15.a3 Nd8
16.b4 Ne6 17.Nd5 Rf7 18.Ne1 b6 19.Nd3 Bd7 20.Bg4 Rc8 21.Bxe6 Qxe6 22.bxc5 Nxc5
23.Nxc5 bxc5 24.Qd3 Qa6 25.Rb2 f5 26.f3 f4 27.Bf2 g5 28.Rfb1 Bf8 29.Rb7 Be6
30.Qb3 Bxd5 31.exd5 Qg6 32.Rxf7 Qxf7 33.Qb7 Rc7 34.Qa6 Qe8 35.Qf6 h6 36.Rb5 e4
37.fxe4 Qxe4 38.Rb8 Rf7 39.Qe6 Qxc4 40.Rb7  1-0

[Event "ch-Balkan"]
[Site "Istanbul TUR"]
[Date "2002.12.10"]
[Round "1"]
[White "Erdogan,H"]
[Black "Arduman,C"]
[Result "1/2-1/2"]
[WhiteElo "2215"]
[BlackElo "2369"]

1.d4 Nf6 2.c4 g6 3.Nc3 Bg7 4.e4 d6 5.Nf3 O-O 6.Be2 Na6 7.O-O e5 8.Re1 Qe8
9.d5 Nc5 10.Nd2 a5 11.f3 Nh5 12.Nb3 b6 13.Nxc5 bxc5 14.a4 f5 15.Be3 f4 16.Bf2 Bf6
17.Ra3 Ng7 18.Qd2 h5 19.g4 Qd8 20.h3 hxg4 21.hxg4 Bh4 22.Bd1 Kf7 23.Bxh4 Qxh4
24.Qf2 Qxf2+ 25.Kxf2 Rb8 26.Nb5 Rh8 27.Kg2 Ke7 28.Rb3 Rb7 29.Rh1 Rxh1 30.Kxh1 Bd7
31.Nc3 Rb4 32.Rxb4 cxb4 33.Nb5 Bxb5 34.cxb5 g5 35.Kg2 Kd7 36.Kf2 Kc8 37.Ke2 Kb7
38.Kd3 Kb6 39.Kc4 Ne8 40.Be2 Nf6 41.Bf1 Nd7 42.b3  1/2-1/2

[Event "1st Ilijas Subasic Mem"]
[Site "Zenica BIH"]
[Date "2002.12.10"]
[Round "2"]
[White "Zivanic,M"]
[Black "Jakubovic,N"]
[Result "1-0"]
[WhiteElo "2426"]
[BlackElo "2403"]

1.d4 Nf6 2.c4 g6 3.Nc3 Bg7 4.e4 d6 5.Nf3 O-O 6.Be2 e5 7.Be3 Nc6 8.d5 Ne7
9.Nd2 Ne8 10.c5 f5 11.f3 Nf6 12.Nc4 b6 13.cxd6 cxd6 14.O-O f4 15.Bf2 g5 16.Nb5 Ne8
17.a4 Rf6 18.a5 Bd7 19.Qb3 Bxb5 20.Qxb5 Nc7 21.Qb3 b5 22.Nxe5 dxe5 23.d6+ Kh8
24.dxc7 Qxc7 25.Bxb5 Rb8 26.Qa4 Qb7 27.Bc4 g4 28.a6 Qxb2 29.Ra2 Qc3 30.Rc2 Qb4
31.Qxb4 Rxb4 32.Bc5 Nc6 33.Bxb4 Nxb4 34.Rd2 Bf8 35.Rd7 g3 36.Rd8 gxh2+ 37.Kxh2 Kg7
38.Rfd1 Rh6+ 39.Kg1 Bc5+ 40.Kf1 Nc2 41.R1d7+ Kf6 42.Rf7+ Kg5 43.Ke2 Ne3 44.Rg8+ Rg6
45.Rxh7 Bd4 46.Bb3 Rxg8 47.Bxg8 Kg6 48.Rh2 Kf6 49.Bb3 Ke7 50.Kd3 Kd6 51.Rh6+ Kc5
52.Rg6 Kb5 53.Bf7 Nd1 54.Kc2 Nc3 55.Be8+ Ka5 56.Rd6 Kb4 57.Kd3 Bc5 58.Rd8 Nd1
59.Rb8+ Ka3 60.Rb1 Ne3 61.Bf7 Bd4 62.Be6 Nxg2 63.Kc4 Ka4 64.Rb4+ Ka5 65.Bd7 Ne3+
66.Kb3 Nd1 67.Rb5+ Kxa6 68.Kb4 Bc3+ 69.Kc5  1-0

[Event "19th WJun Girls"]
[Site "Goa IND"]
[Date "2002.12.11"]
[Round "4"]
[White "Zhao Xue"]
[Black "Calotescu,C"]
[Result "1-0"]
[WhiteElo "2367"]
[BlackElo "2324"]

1.d4 Nf6 2.c4 g6 3.Nc3 Bg7 4.e4 d6 5.Nf3 O-O 6.Be2 e5 7.Be3 Na6 8.O-O Ng4
9.Bg5 Qe8 10.dxe5 dxe5 11.h3 h6 12.Bd2 Nf6 13.Be3 Nh5 14.Qd2 Kh7 15.c5 c6
16.Bxa6 bxa6 17.Rad1 Be6 18.Qe2 Qc8 19.Rd6 Rb8 20.Rfd1 Re8 21.b3 Rb4 22.Qb2 f5
23.Qa3 Qb7 24.Qa5 Nf6 25.exf5 Bxf5 26.Rxc6 Qxc6 27.Qxb4 Bxh3 28.Rd6 Qa8 29.Qh4 Bf5
30.Rxf6 Bxf6 31.Qxf6 Qb7 32.Nxe5 Qg7 33.Qxg7+ Kxg7 34.Nc6 Kf7 35.Nd4 h5 36.Nxf5 gxf5
37.g3 Rd8 38.Kg2 Rd3 39.Ne2 Rd1 40.c6 Ke8 41.Nd4 h4 42.Nxf5 hxg3 43.Kxg3 Kd8
44.Nd4 Kc7 45.Bf4+ Kb6 46.c7 Kb7 47.Nf5 Re1 48.Bd6  1-0

[Event "ch-Balkan"]
[Site "Istanbul TUR"]
[Date "2002.12.11"]
[Round "2"]
[White "Vasovski,N"]
[Black "Kilicaslan,H"]
[Result "1/2-1/2"]
[WhiteElo "2324"]
[BlackElo "2264"]

1.d4 Nf6 2.c4 g6 3.Nc3 Bg7 4.e4 d6 5.Be2 O-O 6.Nf3 e5 7.Be3 exd4 8.Nxd4 Re8
9.f3 Nc6 10.Qd2 Bd7 11.O-O Nh5 12.Rfd1 Nf4 13.Bf1 Nxd4 14.Bxf4 Ne6 15.Be3 Bc6
16.b4 b6 17.Rac1 Bb7 18.Nd5 a5 19.c5 axb4 20.c6 Ba6 21.Nxb4 Bxf1  1/2-1/2